Kitāb maṭmaḥ al-anfus wa-maṣraḥ al-taʼannus fī mulaḥ ahl al-Andalus /
Main Author:
Format: Book
Language: Arabic
Published:
Qustantiniyah :
[Maṭbaʻat al-Jawāʼib],
1302 [1884 or 1885].
Subjects:
Tags: Add Tag
Call Number: ( RA )PJ8413 .A212 1884
| LEADER | 01528namaa2200277 4500 | ||
|---|---|---|---|
| 001 | 18585 | ||
| 003 | OSt | ||
| 005 | 20240612093848.0 | ||
| 008 | 130303s1884 tu 000 0 ara d | ||
| 952 | |0 0 |1 0 |2 lcc |4 0 |7 1 |9 10511 |a ARCE |b ARCE |d 2021-02-20 |l 0 |o ( RA )PJ8413 .A212 1884 |p 1029091 |r 2021-02-20 00:00:00 |w 2021-02-20 |y BK | ||
| 999 | |c 19034 |d 19034 | ||
| 040 | |c ARCE Library | ||
| 043 | |a e-sp--- | ||
| 050 | 4 | |a ( RA )PJ8413 .A212 1884 | |
| 100 | 1 | |6 880-01 |a Ibn Khāqān, al-Fatḥ ibn Muḥammad, |d -1134?, |e author | |
| 245 | 1 | 0 | |6 880-02 |a Kitāb maṭmaḥ al-anfus wa-maṣraḥ al-taʼannus fī mulaḥ ahl al-Andalus / |c taʼlīf Abī Naṣr al-Fatḥ ibn Khāqān ibn Muḥammad ibn ʻAbd Allāh al-Qaysī. |
| 246 | 3 | |a Maṭmaḥ al-anfus wa-maṣraḥ al-taʼannus fī mulaḥ ahl al-Andalus | |
| 264 | 1 | |a Qustantiniyah : |b [Maṭbaʻat al-Jawāʼib], |c 1302 [1884 or 1885]. | |
| 300 | |a 101 pages ; |c 24 cm. | ||
| 650 | 0 | |a Arabic literature |z Spain. | |
| 650 | 0 | |a Muslims |z Spain |v Biography |v Early works to 1800. | |
| 651 | 0 | |a Spain |v Biography |v Early works to 1800. | |
| 880 | 1 | |6 100-01/(3/r |a ابن خاقان، الفتح بن محمد، |d -1134? | |
| 880 | 1 | 0 | |6 245-02/(3/r |a كتاب مطمح الأنفس و مصرح التأنس في ملح أهل الأندلس |c تأليف أبي نصر الفتح بن خاقان بن محمد بن عبد الله القيسي. |
| 901 | |a reviewed | ||
| 942 | |c BK |2 lcc | ||
